00673cam a22002173a 45000010005000000030006000050050017000110080041000280400015000690420007000840500007000911000040000982450126001382600029002645060030002935160020003236530020003436530023003638300028003868560041004142443PGUSA20140828083015.0001201s2000||||xxu|||||s|||||000 | eng d aPGUSAbeng adc 4aBX1 aLinn, William Alexander,d1846-191714aThe Story of the Mormons, from the Date of Their Origin to the Year 1901h[electronic resource] /cWilliam Alexander Linn bProject Gutenberg,c2000 aPublic domain in the USA. aElectronic text aUtah -- History aMormons -- History 0aProject Gutenbergv244340uhttp://www.gutenberg.org/ebooks/2443